000 00439nam a2200145Ia 4500
008 230917s9999||||xx |||||||||||||| ||und||
040 _e163181
_aMAIN
041 _aEnglish
082 _a891.431721 VH58B
100 _aवर्मा, हरिशरण
245 0 _aबदल सकते हो दिशा
260 _aबिरनौर
_bगीतिका प्रकाशन
_c2008
300 _a104पृ. p.
942 _cHN
999 _c133303
_d133303